000 00865nam a2200265 a 4500
001 43307
003 BD-RjUL
005 20211209053659.0
008 160621s1966 enk b 001 0 eng
035 _a(BD-RjUL)43425
040 _aDLC
_cDLC
_dBD-RjUL
_beng
041 _aeng
082 _a320.3
_bSTM 1966
100 1 _aStrong, C. F.
_q(Charles Frederick),
_d1890-
_9133013
245 1 0 _aModern political constitutions :
_ban introduction to the comparative study of their history and existing form /
_cby C. F. Strong
250 _a7th rev. ed.
260 _aLondon :
_bSidgwick and Jackson,
_c1966
300 _ax, 389 p. ;
_c23 cm.
504 _aBibliography: p. [279]-284. and index
650 0 _aComparative government.
_9133014
650 0 _aState, The.
_9118101
650 0 _aPolitical science.
_9133015
942 _2ddc
_cBK
999 _c43307
_d43307